<?xml version="1.0" encoding="UTF-8"?>
<record
    xmlns:xsi="http://www.w3.org/2001/XMLSchema-instance"
    xsi:schemaLocation="http://www.loc.gov/MARC21/slim http://www.loc.gov/standards/marcxml/schema/MARC21slim.xsd"
    xmlns="http://www.loc.gov/MARC21/slim">

  <leader>04984nam a2200361 a 4500</leader>
  <controlfield tag="003">CHAP</controlfield>
  <controlfield tag="005">20251216085052.0</controlfield>
  <controlfield tag="007">ta</controlfield>
  <controlfield tag="008">251215s2025    mx abo|fsm||| 001 0 spa d</controlfield>
  <datafield tag="040" ind1=" " ind2=" ">
    <subfield code="e">rda</subfield>
  </datafield>
  <datafield tag="041" ind1=" " ind2=" ">
    <subfield code="a">spa</subfield>
    <subfield code="b">eng</subfield>
  </datafield>
  <datafield tag="100" ind1="1" ind2=" ">
    <subfield code="a">Aguilar L&#xF3;pez, Luc&#xED;a del Carmen</subfield>
    <subfield code="9">185597</subfield>
  </datafield>
  <datafield tag="240" ind1=" " ind2=" ">
    <subfield code="a">Proposal for a selection plan of green gold coffee (coffea Arabica l.) for the company ecaf&#xE9;.</subfield>
    <subfield code="l">Espa&#xF1;ol</subfield>
  </datafield>
  <datafield tag="245" ind1="1" ind2=" ">
    <subfield code="a">Propuesta de plan de selecci&#xF3;n de caf&#xE9; oro verde (Coffea arabica L.) para la empresa ecaf&#xE9; /</subfield>
    <subfield code="c">Luc&#xED;a del Carmen Aguilar L&#xF3;pez</subfield>
  </datafield>
  <datafield tag="264" ind1=" " ind2=" ">
    <subfield code="a">Chapingo, M&#xE9;xico :</subfield>
    <subfield code="b">El autor,</subfield>
    <subfield code="c">2025</subfield>
  </datafield>
  <datafield tag="300" ind1=" " ind2=" ">
    <subfield code="a">1 recurso en l&#xED;nea ( 77 p&#xE1;ginas) :</subfield>
    <subfield code="b">ilustraciones, tablas, mapas, fotograf&#xED;as</subfield>
  </datafield>
  <datafield tag="336" ind1=" " ind2=" ">
    <subfield code="2">rdacontent</subfield>
    <subfield code="a">texto</subfield>
    <subfield code="b">txt</subfield>
  </datafield>
  <datafield tag="337" ind1=" " ind2=" ">
    <subfield code="2">rdamedia</subfield>
    <subfield code="a">computadora</subfield>
    <subfield code="b">c</subfield>
  </datafield>
  <datafield tag="338" ind1=" " ind2=" ">
    <subfield code="2">rdacarrier</subfield>
    <subfield code="a">recurso en l&#xED;nea</subfield>
    <subfield code="b">cr</subfield>
  </datafield>
  <datafield tag="502" ind1=" " ind2=" ">
    <subfield code="a">Informe de Estancia Preprofesional</subfield>
    <subfield code="b">IA</subfield>
    <subfield code="c">Agroindustrias</subfield>
    <subfield code="d">2025</subfield>
    <subfield code="g">LIC</subfield>
  </datafield>
  <datafield tag="504" ind1=" " ind2=" ">
    <subfield code="a">Bibliograf&#xED;a: p&#xE1;ginas 73-74</subfield>
  </datafield>
  <datafield tag="520" ind1="3" ind2=" ">
    <subfield code="a">El presente documento est&#xE1; integrado por los resultados obtenidos durante la realizaci&#xF3;n de la Estancia Preprofesional dentro de la empresa Ecaf&#xE9;, Exportadora de Caf&#xE9; Chiapas S.A. de C.V. ubicada en La Trinitaria, Chiapas durante el periodo comprendido del 01 de julio de 2024 al 30 de septiembre de 2024. Ecaf&#xE9; es una empresa que cuenta con una planta ubicada en La Trinitaria, Chiapas y con dos fincas que se dedican a la producci&#xF3;n de caf&#xE9; ubicadas en Jacaltenango y Motozintla, Chiapas, respectivamente. Esta empresa se dedica a la producci&#xF3;n, comercializaci&#xF3;n y exportaci&#xF3;n de caf&#xE9; oro. La empresa cuenta con grandes perspectivas de expansi&#xF3;n, por lo cual es de suma importancia tener planteado un proceso adecuado para la selecci&#xF3;n de granos de caf&#xE9; oro y asegurar la calidad de caf&#xE9; que se ofrece al consumidor. Este proyecto presenta un plan de selecci&#xF3;n de caf&#xE9; oro (Coffea Arabica L.) para la empresa, este se enfoca principalmente en plantear un proceso de selecci&#xF3;n de caf&#xE9; oro que se rija a las normas mexicanas para asegurar la calidad ofrecida y tener un proceso especifico dentro de la empresa para este fin. Para ello se hizo un diagn&#xF3;stico de la empresa y del proceso que se tiene para la selecci&#xF3;n de los granos de caf&#xE9; oro, para identificar las deficiencias y las alternativas de soluci&#xF3;n para dicho proceso. Para la elaboraci&#xF3;n de dicho documento se rescataron conceptos e informaci&#xF3;n de distintas normas, tales como; NMX-F 107-SCFI-2008, NMX-F-162-SCFI-2008, NOM-169-SCFI- 2007, entre otras m&#xE1;s. Adem&#xE1;s de eso tambi&#xE9;n se realiz&#xF3; una lista de verificaci&#xF3;n con base en la NOM-251-SSA1-2009 para obtener un diagn&#xF3;stico completo de la empresa. El cumplimiento de este plan de selecci&#xF3;n compromete a todo el personal que se dedica a este proceso dentro de la empresa.</subfield>
  </datafield>
  <datafield tag="520" ind1="3" ind2=" ">
    <subfield code="a">This document presents the results obtained during the completion of the Pre-professional Internship at Ecaf&#xE9;, Exportadora de Caf&#xE9; Chiapas S.A. de C.V., located in La Trinitaria, Chiapas, during the period from July 1, 2024, to September 30, 2024. Ecaf&#xE9; is a company with a processing plant in La Trinitaria, Chiapas, and two coffee-producing farms located in Jacaltenango and Motozintla, Chiapas, respectively. The company is dedicated to the production, commercialization, and export of green coffee. The company has strong expansion prospects, making it essential to establish an appropriate process for selecting green coffee beans to ensure the quality of the coffee offered to consumers. This project presents a selection plan of green coffee (Coffea Arabica L.) for the company. It focuses primarily on establishing a selection process that adheres to Mexican standards to guarantee quality and to implement a specific procedure within the company for this purpose. To achieve this, a diagnostic assessment of the company and its current green coffee bean selection process was conducted to identify deficiencies and propose alternative solutions. The development of this document incorporated concepts and information from various standards, including NMX-F-107-SCFI-2008, NMX-F-162-SCFI- 2008, NOM-169-SCFI-2007, among others. Additionally, a checklist based on NOM-251- SSA1-2009 was created to obtain a comprehensive diagnosis of the company. Compliance with this selection plan involves all personnel engaged in this process within the company.</subfield>
  </datafield>
  <datafield tag="650" ind1="1" ind2="3">
    <subfield code="a">Semillas de caf&#xE9;</subfield>
    <subfield code="x">Control de calidad</subfield>
    <subfield code="z">M&#xE9;xico</subfield>
    <subfield code="9">157622</subfield>
    <subfield code="2">atg</subfield>
  </datafield>
  <datafield tag="650" ind1="1" ind2="3">
    <subfield code="a">Semillas de caf&#xE9;</subfield>
    <subfield code="x">Industria y comercio</subfield>
    <subfield code="z">M&#xE9;xico  </subfield>
    <subfield code="9">157625</subfield>
    <subfield code="2">atg</subfield>
  </datafield>
  <datafield tag="650" ind1="1" ind2="3">
    <subfield code="a">Coffee beans</subfield>
    <subfield code="x">Quality control</subfield>
    <subfield code="z">Mexico  </subfield>
    <subfield code="9">157620</subfield>
    <subfield code="2">atg</subfield>
  </datafield>
  <datafield tag="650" ind1="1" ind2="3">
    <subfield code="a">Coffee beans</subfield>
    <subfield code="x">Industry and trade</subfield>
    <subfield code="z">Mexico  </subfield>
    <subfield code="9">157619</subfield>
    <subfield code="2">atg</subfield>
  </datafield>
  <datafield tag="700" ind1="1" ind2=" ">
    <subfield code="a">Reyna Izaguirre, Diana Am&#xE9;rica</subfield>
    <subfield code="9">147338</subfield>
    <subfield code="e">directora</subfield>
  </datafield>
  <datafield tag="700" ind1="1" ind2=" ">
    <subfield code="a">Maldonado Sim&#xE1;n, Ema de Jes&#xFA;s</subfield>
    <subfield code="9">70136</subfield>
    <subfield code="e">asesora</subfield>
  </datafield>
  <datafield tag="700" ind1="1" ind2=" ">
    <subfield code="a">M&#xE1;rquez Berber, Sergio Roberto</subfield>
    <subfield code="9">76297</subfield>
    <subfield code="e">asesor</subfield>
  </datafield>
  <datafield tag="856" ind1=" " ind2=" ">
    <subfield code="u">http://10.13.5.2/tesis/t?/archivo.pdf</subfield>
    <subfield code="z">DESCARGAR PDF</subfield>
  </datafield>
  <datafield tag="942" ind1=" " ind2=" ">
    <subfield code="2">Clasificaci&#xF3;n Universidad Aut&#xF3;noma Chapingo</subfield>
    <subfield code="c">TD</subfield>
  </datafield>
  <datafield tag="999" ind1=" " ind2=" ">
    <subfield code="c">233133</subfield>
    <subfield code="d">233133</subfield>
  </datafield>
  <datafield tag="952" ind1=" " ind2=" ">
    <subfield code="0">0</subfield>
    <subfield code="1">0</subfield>
    <subfield code="2">local</subfield>
    <subfield code="4">0</subfield>
    <subfield code="7">0</subfield>
    <subfield code="8">TesDigL</subfield>
    <subfield code="a">IA_</subfield>
    <subfield code="b">IA_</subfield>
    <subfield code="c">E_L</subfield>
    <subfield code="d">2025-12-16</subfield>
    <subfield code="e">El autor</subfield>
    <subfield code="l">0</subfield>
    <subfield code="p">1201016307</subfield>
    <subfield code="r">2025-12-16 08:10:08</subfield>
    <subfield code="w">2025-12-16</subfield>
    <subfield code="y">TD</subfield>
  </datafield>
</record>
